Narrativas mediáticas : o cómo se cuenta la sociedad del entretenimiento /

La lógica del entretenimiento es el gusto socialmente legitimado que otorga sentido a las estéticas mediáticas. Una estética que no sólo ofrece la información como espectáculo sino que también crea modos especiales de narrar para cada medio de comunicación. En Narrativas mediáticas, Omar Rincón anal...

Full description

Bibliographic Details
Main Author: Rincón, Omar
Format: Libro
Language:Spanish
Published: Barcelona Gedisa 2006
Edition:1a. ed.
Subjects:
Online Access:

MARC

LEADER 00000cam a2200000 a 4500
001 020570
003 UAHC_CL
005 20170803121907.0
008 110518s2006 sp 000 spa
020 |a 8497841379 
040 |a UAHC_CL  |c UAHC_CL  |d UAHC_CL 
082 0 4 |a 808.066  |b R579  |2 21 
100 1 |a Rincón, Omar 
245 1 0 |a Narrativas mediáticas :  |b o cómo se cuenta la sociedad del entretenimiento /  |c Omar Rincón. 
250 |a 1a. ed. 
260 |b Gedisa  |a Barcelona  |c 2006 
300 |a 224 p. 
520 |a La lógica del entretenimiento es el gusto socialmente legitimado que otorga sentido a las estéticas mediáticas. Una estética que no sólo ofrece la información como espectáculo sino que también crea modos especiales de narrar para cada medio de comunicación. En Narrativas mediáticas, Omar Rincón analiza los modos y las estructuras del relato periodístico, de la publicidad, de la radio, el vídeo y la televisión. También afirma que vivimos en una realidad de signos sin sentido, de significantes vacíos, libremente dispuestos para ser llenados por nuevas significaciones, cuya mejor estrategia para reforzar el pensamiento único es la narración mediática. 
521 |a Taller de periodismo televisivo 
650 4 |a NARRACION (RETORICA) 
650 4 |a Medios de comunicación de masas  |x Aspectos sociales 
653 |a OB. PERIODISMO 
658 |a Zuñiga, Vanessa 
900 |a 808.066 RIN 
942 |c BK 
952 |0 0  |1 0  |4 0  |6 808_066000000000000_RIN  |7 0  |8 General  |9 41226  |a BC  |b BC  |c General  |d 2017-08-03  |l 0  |o 808.066 RIN  |p 1391972  |r 2026-01-13 00:00:00  |t 1  |w 2017-08-03  |y BK 
952 |0 0  |1 0  |4 0  |6 808_066000000000000_RIN  |7 0  |8 General  |9 41227  |a BC  |b BC  |c General  |d 2017-08-03  |l 1  |o 808.066 RIN  |p 1391973  |r 2026-01-13 00:00:00  |s 2018-08-29  |t 2  |w 2017-08-03  |y BK 
952 |0 0  |1 0  |4 0  |6 808_066000000000000_RIN  |7 0  |8 General  |9 41228  |a BC  |b BC  |c General  |d 2017-08-03  |l 0  |o 808.066 RIN  |p 1382471  |q 2017-06-28  |r 2017-08-03 00:00:00  |t 3  |w 2017-08-03  |y BK 
952 |0 0  |1 0  |4 0  |6 808_066000000000000_RIN  |7 0  |8 General  |9 41229  |a BC  |b BC  |c General  |d 2017-08-03  |l 0  |o 808.066 RIN  |p 1411179  |r 2026-01-13 00:00:00  |t 4  |w 2017-08-03  |y BK 
999 |c 20570  |d 20570